[Event "7. Wunsiedel Schach-Festival Meistertur"]
[Site "Wunsiedel"]
[Date "2013.05.09"]
[Round "1.15"]
[White "Cech, Pavel"]
[Black "Schweizer, Manfred"]
[Result "1-0"]
[WhiteElo "2395"]
[BlackElo "2045"]
[PlyCount "61"]
[EventDate "2013.05.09"]

1. d4 Nf6 2. Bg5 Ne4 3. Bf4 c5 4. f3 Qa5+ 5. c3 Nd6 6. Nd2 cxd4 7. Nb3 Qb6 8.
cxd4 Nc6 9. e4 Nb5 10. Bxb5 Qxb5 11. Ne2 e5 12. Nc3 Bb4 13. Bd2 Qd3 14. Nd5
Bxd2+ 15. Qxd2 Qxd2+ 16. Kxd2 O-O 17. dxe5 Nxe5 18. Rac1 b6 19. Nd4 Bb7 20. Rc7
Bxd5 21. exd5 Rfc8 22. Rhc1 Rxc7 23. Rxc7 Kf8 24. d6 Ke8 25. Ke3 g6 26. Ke4 f6
27. h3 a6 28. f4 Nf7 29. Kd5 Kd8 30. Rb7 b5 31. Nb3 1-0

[Event "7. Wunsiedel Schach-Festival Meistertur"]
[Site "Wunsiedel"]
[Date "2013.05.09"]
[Round "1.4"]
[White "Chatalbashev, Boris"]
[Black "Jurkatis, Hagen"]
[Result "1-0"]
[WhiteElo "2553"]
[BlackElo "2080"]
[PlyCount "45"]
[EventDate "2013.05.09"]

1. d4 d6 2. Nf3 f5 3. g3 Nf6 4. Bg2 g6 5. b4 Bg7 6. Bb2 O-O 7. O-O Nc6 8. b5
Na5 9. Nbd2 c6 10. a4 a6 11. bxc6 bxc6 12. c4 Rb8 13. Qc2 Bd7 14. Rab1 Qc7 15.
Bc3 c5 16. d5 Ng4 17. Rxb8 Rxb8 18. Bxg7 Kxg7 19. e4 e5 20. dxe6 Bxe6 21. Ng5
Bd7 22. Qc3+ Kg8 23. exf5 1-0

[Event "7. Wunsiedel Schach-Festival Meistertur"]
[Site "Wunsiedel"]
[Date "2013.05.09"]
[Round "1.9"]
[White "Kunin, Vitaly"]
[Black "Wilfert, André"]
[Result "1-0"]
[WhiteElo "2503"]
[BlackElo "2078"]
[PlyCount "69"]
[EventDate "2013.05.09"]

1. d4 Nf6 2. c4 g6 3. Nc3 Bg7 4. e4 d6 5. h3 O-O 6. Bg5 Nbd7 7. Nf3 e5 8. d5 a5
9. g4 Nc5 10. Nd2 Bd7 11. Qf3 b6 12. Be2 h6 13. Be3 Nh7 14. Qg2 g5 15. h4 f6
16. Nf1 Kf7 17. Ng3 Rh8 18. Qf3 Ke7 19. Nd1 Qe8 20. Bd2 Nf8 21. Ne3 Ng6 22.
hxg5 hxg5 23. Nef5+ Bxf5 24. Nxf5+ Kf7 25. Rxh8 Qxh8 26. O-O-O Nf4 27. Bxf4
exf4 28. Rh1 Qg8 29. Rh6 Re8 30. Qh1 Rxe4 31. Qh5+ Kf8 32. Nxg7 Rxe2 33. Nf5
Nd3+ 34. Kd1 f3 35. Rxf6+ 1-0

[Event "7. Wunsiedel Schach-Festival Meistertur"]
[Site "Wunsiedel"]
[Date "2013.05.09"]
[Round "1.6"]
[White "Pap, Misa"]
[Black "Stadler, Alexander"]
[Result "1-0"]
[WhiteElo "2476"]
[BlackElo "2098"]
[PlyCount "41"]
[EventDate "2013.05.09"]

1. e4 d6 2. d4 Nf6 3. Bd3 e5 4. c3 Nbd7 5. f4 c6 6. Nf3 Qc7 7. O-O Be7 8. fxe5
dxe5 9. Bg5 O-O 10. Nbd2 Re8 11. Nc4 Ng4 12. h3 Bxg5 13. Nxg5 Nh6 14. Qh5 Re7
15. a4 f6 16. Nf3 Nf7 17. Rad1 c5 18. Ne3 Qd8 19. Nf5 Re8 20. Bc4 Rf8 21. Nd6
1-0

[Event "7. Wunsiedel Schach-Festival Meistertur"]
[Site "Wunsiedel"]
[Date "2013.05.09"]
[Round "1.19"]
[White "Schröder, Jan-Christian"]
[Black "Stabernack, Joschi"]
[Result "1-0"]
[WhiteElo "2322"]
[BlackElo "2022"]
[PlyCount "69"]
[EventDate "2013.05.09"]

1. e4 e5 2. Nf3 Nf6 3. d3 Nc6 4. Be2 Bc5 5. O-O d6 6. c3 a6 7. Nbd2 h6 8. b3
O-O 9. Bb2 Re8 10. b4 Ba7 11. a4 b5 12. axb5 axb5 13. d4 exd4 14. Bxb5 Bd7 15.
Ba6 Bb6 16. Qc2 Ne5 17. Nxd4 c5 18. bxc5 dxc5 19. Nf5 Rxa6 20. Rxa6 Bb5 21.
Rxb6 Qxb6 22. c4 Nxc4 23. Nxc4 Bxc4 24. Qxc4 Qxb2 25. Nd6 Re6 26. Qxc5 Ne8 27.
Nc4 Qc2 28. e5 Qe4 29. Qb5 Qe2 30. Qd5 g6 31. h3 Ng7 32. Ra1 h5 33. Nd6 Qxe5
34. Ra8+ Kh7 35. Rh8+ 1-0

[Event "7. Wunsiedel Schach-Festival Meistertur"]
[Site "Wunsiedel"]
[Date "2013.05.09"]
[Round "1.17"]
[White "Seyb, Alexander"]
[Black "Hiemer, Bernd"]
[Result "1-0"]
[WhiteElo "2340"]
[BlackElo "2012"]
[PlyCount "55"]
[EventDate "2013.05.09"]

1. e4 d6 2. d4 Nf6 3. Nc3 g6 4. f4 Bg7 5. Nf3 O-O 6. Bd3 Na6 7. O-O c5 8. d5
Nc7 9. Qe1 Bd7 10. a4 Bg4 11. Qg3 Bc8 12. f5 Nce8 13. Qh4 Qc7 14. Nb5 Qd8 15.
c4 b6 16. Ng5 a6 17. Nc3 Ra7 18. Be3 Bd7 19. Rf3 Rb7 20. Raf1 Qc8 21. g4 b5 22.
axb5 axb5 23. Nxb5 Qa8 24. Rh3 Bxb5 25. Nxh7 Bd7 26. Nxf6+ Nxf6 27. Bh6 Rxb2
28. Bxg7 1-0

[Event "7. Wunsiedel Schach-Festival Meistertur"]
[Site "Wunsiedel"]
[Date "2013.05.09"]
[Round "1.2"]
[White "Sumets, Andrey"]
[Black "Jandke, Manfred"]
[Result "1-0"]
[WhiteElo "2590"]
[BlackElo "2112"]
[PlyCount "65"]
[EventDate "2013.05.09"]

1. d4 Nf6 2. c4 a6 3. Nc3 c5 4. dxc5 e6 5. e4 Bxc5 6. e5 Ng8 7. Ne4 Nc6 8. Nf3
f5 9. Nxc5 Qa5+ 10. Bd2 Qxc5 11. Bc3 Nh6 12. Qd2 a5 13. Be2 Nf7 14. O-O O-O 15.
a3 a4 16. Bb4 Nxb4 17. axb4 Qc7 18. Rfe1 b6 19. b3 a3 20. Bf1 Qb8 21. Qf4 h6
22. h4 Bb7 23. Nd4 g5 24. hxg5 hxg5 25. Qd2 Kg7 26. Nb5 Bc6 27. Nd6 Kg6 28. b5
Bb7 29. Nxb7 Qxb7 30. Qb4 a2 31. Rxa2 Rh8 32. Rd2 Qc7 33. Qe7 1-0

[Event "7. Wunsiedel Schach-Festival Meistertur"]
[Site "Wunsiedel"]
[Date "2013.05.09"]
[Round "1.13"]
[White "Tischbierek, Raj"]
[Black "Kapfer, Ulrich"]
[Result "1-0"]
[WhiteElo "2433"]
[BlackElo "1936"]
[PlyCount "49"]
[EventDate "2013.05.09"]

1. e4 e6 2. d4 d5 3. Nc3 Nf6 4. Bg5 Be7 5. e5 Nfd7 6. Bxe7 Qxe7 7. f4 a6 8. Nf3
c5 9. dxc5 Qxc5 10. Qd2 b5 11. Qf2 Qb4 12. Qd2 Qxb2 13. Rb1 Qa3 14. Bd3 Nc6 15.
O-O Qe7 16. Rbe1 Nb4 17. f5 Nxd3 18. cxd3 Bb7 19. Kh1 h6 20. Nd4 Nc5 21. Nce2
Qg5 22. Nf4 exf5 23. Rf3 Ne6 24. Ndxe6 fxe6 25. Rg3 1-0

[Event "7. Wunsiedel Schach-Festival Meistertur"]
[Site "Wunsiedel"]
[Date "2013.05.09"]
[Round "1.11"]
[White "Wegerle, Jörg"]
[Black "Blaschke, Tobias"]
[Result "1-0"]
[WhiteElo "2435"]
[BlackElo "2040"]
[PlyCount "113"]
[EventDate "2013.05.09"]

1. c4 e5 2. g3 Nf6 3. Bg2 d5 4. cxd5 Nxd5 5. Nc3 Be6 6. Nf3 Nc6 7. d3 Be7 8.
Bd2 O-O 9. O-O Nb6 10. Rb1 f6 11. a3 a5 12. Na4 Nxa4 13. Qxa4 Qd7 14. Rfc1 Rfd8
15. Qc2 a4 16. Be3 Ba2 17. Ra1 Bb3 18. Qc3 Bd5 19. Nd2 Bxg2 20. Kxg2 Qd5+ 21.
Kg1 Rd7 22. Qc4 Qxc4 23. Rxc4 Nd8 24. Rac1 c6 25. Ne4 Kf7 26. Kf1 f5 27. Nc5
Bxc5 28. Rxc5 Ke6 29. f4 exf4 30. gxf4 Nf7 31. Kf2 g6 32. R5c4 Rd5 33. Rb4 Nd6
34. Bc5 b5 35. Rd4 Rxd4 36. Bxd4 Kd5 37. e3 Nb7 38. Kf3 Re8 39. Be5 Rc8 40. h4
c5 41. e4+ Ke6 42. Ke3 Na5 43. Rg1 fxe4 44. Kxe4 Nc6 45. h5 Ne7 46. hxg6 hxg6
47. Bc3 Rd8 48. Rg2 Rd5 49. Be5 Rd8 50. Rc2 Rc8 51. Rh2 Rd8 52. Rh6 Rf8 53. d4
cxd4 54. Bxd4 Rf5 55. Be5 Kf7 56. Rh7+ Ke6 57. Rh8 1-0

[Event "7. Wunsiedel Schach-Festival Meistertur"]
[Site "Wunsiedel"]
[Date "2013.05.09"]
[Round "1.18"]
[White "Völz, Stephan"]
[Black "Singer, Christoph"]
[Result "1/2-1/2"]
[WhiteElo "1944"]
[BlackElo "2349"]
[PlyCount "106"]
[EventDate "2013.05.09"]

1. d4 d5 2. Nf3 Nf6 3. Bf4 e6 4. e3 c5 5. c3 Nc6 6. Be2 Bd6 7. Bxd6 Qxd6 8.
Nbd2 O-O 9. O-O e5 10. dxe5 Nxe5 11. Nxe5 Qxe5 12. Nf3 Qe7 13. h3 Bf5 14. Qa4
Rfd8 15. Qf4 Qe4 16. Qxe4 dxe4 17. Ne5 Rd2 18. Bc4 Bg6 19. Rab1 Re8 20. Nxg6
hxg6 21. Rfd1 Red8 22. Rxd2 Rxd2 23. Kf1 Kf8 24. Ke1 Rd7 25. Rd1 b6 26. Bb5
Rxd1+ 27. Kxd1 Ke7 28. Kd2 g5 29. Be2 Nd7 30. f3 exf3 31. gxf3 Kd6 32. b3 Ke5
33. Bb5 Nf8 34. Bc4 f5 35. Ke2 Nd7 36. Bb5 Nf6 37. Bc4 Ne8 38. Bb5 Nd6 39. Bc6
Nc8 40. Bb5 Ne7 41. Bc4 Ng6 42. Bf7 Nh4 43. Kf2 Kf6 44. Be8 Ke7 45. Bb5 f4 46.
e4 Ng6 47. Be2 Ne5 48. Bb5 Kd6 49. Be2 Kc6 50. a4 Kd6 51. Bb5 Ng6 52. Bc4 Ne5
53. Bb5 Ng6 1/2-1/2

[Event "7. Wunsiedel Schach-Festival Meistertur"]
[Site "Wunsiedel"]
[Date "2013.05.09"]
[Round "1.20"]
[White "Bader, Gerd"]
[Black "Lampert, Jonas"]
[Result "0-1"]
[WhiteElo "2036"]
[BlackElo "2333"]
[PlyCount "120"]
[EventDate "2013.05.09"]

1. d3 e5 2. e4 Nc6 3. Nf3 Nf6 4. Be2 d5 5. Nbd2 Bc5 6. O-O O-O 7. c3 a5 8. b3
Qe7 9. Bb2 Ba3 10. Qc1 Bxb2 11. Qxb2 b6 12. Rfe1 Rd8 13. a3 Bg4 14. h3 Bxf3 15.
Nxf3 d4 16. c4 Nd7 17. g3 Nc5 18. Rab1 Qf6 19. Qd2 h6 20. Nh4 Ne6 21. Rf1 Qg5
22. Qxg5 hxg5 23. Ng2 g6 24. h4 gxh4 25. Nxh4 Kg7 26. Kg2 Rh8 27. Rh1 f6 28.
Nf3 Rxh1 29. Kxh1 Ne7 30. Nd2 c5 31. Bg4 f5 32. exf5 gxf5 33. Bf3 Rg8 34. Bd5
Rh8+ 35. Kg2 Nc7 36. Bb7 Rb8 37. Bf3 Kf6 38. Rh1 Rg8 39. Kf1 Kg7 40. Kg2 Ng6
41. Bh5 Rh8 42. Bxg6 Rxh1 43. Kxh1 Kxg6 44. Kg2 Ne6 45. f3 Kf6 46. Kh3 Kg5 47.
Kg2 Kg6 48. Kh3 Kh5 49. Kg2 Kg5 50. Kf2 Ng7 51. Kg2 Nh5 52. Kf2 Nf6 53. Ke2 Ne8
54. Kf2 Nd6 55. Ke1 Kf6 56. Kf2 Ke7 57. Kg2 Ke6 58. Kf2 Kd7 59. Kg2 Ke6 60. Kf2
Kd7 0-1

[Event "7. Wunsiedel Schach-Festival Meistertur"]
[Site "Wunsiedel"]
[Date "2013.05.09"]
[Round "1.5"]
[White "Doell, Detlef"]
[Black "Miezis, Normunds"]
[Result "0-1"]
[WhiteElo "2067"]
[BlackElo "2543"]
[PlyCount "52"]
[EventDate "2013.05.09"]

1. e4 c5 2. Nf3 e6 3. b3 Nc6 4. Bb2 Nf6 5. d3 Be7 6. g3 d5 7. Nbd2 O-O 8. Bg2
b6 9. O-O Ba6 10. e5 Nd7 11. Qe2 Qc7 12. c4 d4 13. Rfe1 Rae8 14. h4 Bc8 15. Bc1
Kh8 16. Nf1 f6 17. Bf4 fxe5 18. Nxe5 Ndxe5 19. Bxe5 Qd7 20. f4 Bf6 21. Bxf6
gxf6 22. Nd2 Ne7 23. g4 Ng6 24. Qf2 e5 25. f5 Nf4 26. Qf3 h5 0-1

[Event "7. Wunsiedel Schach-Festival Meistertur"]
[Site "Wunsiedel"]
[Date "2013.05.09"]
[Round "1.3"]
[White "Hecht, Carsten"]
[Black "Buhmann, Rainer"]
[Result "0-1"]
[WhiteElo "2081"]
[BlackElo "2578"]
[PlyCount "70"]
[EventDate "2013.05.09"]

1. e4 e6 2. d4 d5 3. e5 c5 4. c3 Nc6 5. Nf3 Bd7 6. Be2 Rc8 7. O-O a6 8. a3 Nge7
9. b4 cxd4 10. cxd4 Nf5 11. Bb2 Be7 12. Bd3 O-O 13. Nc3 Ncxd4 14. Nxd4 Nxd4 15.
Nxd5 Nb5 16. Bxb5 exd5 17. Bd3 Be6 18. f4 f5 19. exf6 Bxf6 20. Qh5 g6 21. Bxg6
Rc7 22. Bxf6 Qxf6 23. Be8 Rg7 24. Rae1 Bf5 25. Ba4 Qb2 26. Rf2 Qxa3 27. Re8
Qa1+ 28. Rf1 Qd4+ 29. Kh1 Rgf7 30. Rxf8+ Rxf8 31. Qg5+ Kh8 32. Re1 Qxb4 33. Qe7
Qxe7 34. Rxe7 b5 35. Bb3 Be4 0-1

[Event "7. Wunsiedel Schach-Festival Meistertur"]
[Site "Wunsiedel"]
[Date "2013.05.09"]
[Round "1.16"]
[White "Kempe, Frank"]
[Black "Grandadam, Nicolas"]
[Result "0-1"]
[WhiteElo "2022"]
[BlackElo "2338"]
[PlyCount "76"]
[EventDate "2013.05.09"]

1. d4 d5 2. Nf3 Nf6 3. e3 e6 4. Bd3 c5 5. b3 Nc6 6. Bb2 Be7 7. Nbd2 O-O 8. a3
b6 9. O-O Bb7 10. Ne5 Rc8 11. f4 Rc7 12. Qe2 Qa8 13. Rf2 a5 14. Raf1 cxd4 15.
exd4 Ne4 16. Rf3 f5 17. Rh3 Nxe5 18. fxe5 Nxd2 19. Qxd2 Ba6 20. Bxa6 Qxa6 21.
Qd1 g6 22. c4 Rd8 23. Rg3 Bf8 24. h4 dxc4 25. h5 Rg7 26. Bc1 gxh5 27. Rxg7+
Bxg7 28. Qxh5 cxb3 29. d5 Qc8 30. Bh6 Rf8 31. Rc1 Qe8 32. Qg5 Qg6 33. Qxg6 hxg6
34. Bxg7 Kxg7 35. dxe6 b5 36. Rc7+ Kh6 37. Rb7 b4 38. axb4 a4 0-1

[Event "7. Wunsiedel Schach-Festival Meistertur"]
[Site "Wunsiedel"]
[Date "2013.05.09"]
[Round "1.7"]
[White "Langensteiner, Matthias"]
[Black "Del Rio De Angelis, Salvador G"]
[Result "0-1"]
[WhiteElo "2066"]
[BlackElo "2484"]
[PlyCount "72"]
[EventDate "2013.05.09"]

1. d4 d6 2. c4 e5 3. d5 f5 4. Nc3 Nf6 5. Bg5 Nbd7 6. e4 fxe4 7. Nxe4 Be7 8.
Bxf6 Nxf6 9. Bd3 c6 10. Ne2 cxd5 11. cxd5 Nxe4 12. Bxe4 O-O 13. O-O Bd7 14. Nc3
g6 15. Qb3 b5 16. Bd3 a6 17. Ne4 Qb6 18. Rac1 Rac8 19. Bb1 Rxc1 20. Rxc1 Bf5
21. Qe3 Qxe3 22. fxe3 Rc8 23. Rxc8+ Bxc8 24. Kf2 Bb7 25. a3 Bxd5 26. Nc3 Bb7
27. Ba2+ Kf8 28. Nd5 Bg5 29. g3 Ke8 30. h4 Bd8 31. Ke2 Kd7 32. Kd3 e4+ 33. Kd4
Ke6 34. Nc3+ Kf5 35. Nd5 Kg4 36. Kxe4 Kxg3 0-1

[Event "7. Wunsiedel Schach-Festival Meistertur"]
[Site "Wunsiedel"]
[Date "2013.05.09"]
[Round "1.1"]
[White "Röttig, Hans-Peter"]
[Black "Peralta, Fernando"]
[Result "0-1"]
[WhiteElo "2082"]
[BlackElo "2626"]
[PlyCount "58"]
[EventDate "2013.05.09"]

1. e4 d6 2. d4 Nf6 3. Nc3 g6 4. Bc4 Bg7 5. Qe2 Nc6 6. e5 Nd7 7. Nf3 Nb6 8. Bb3
O-O 9. h3 Na5 10. e6 f5 11. Bf4 c6 12. O-O-O Nxb3+ 13. axb3 a5 14. h4 h5 15.
Rh3 a4 16. Rg3 Rf6 17. Be5 Rxe6 18. Bxg7 Rxe2 19. Nxe2 Kxg7 20. Nf4 Qe8 21.
Nxh5+ Kh6 22. Nf4 axb3 23. Rd3 Ra1+ 24. Kd2 bxc2 25. Kxc2 Nd5 26. Nxd5 cxd5 27.
h5 gxh5 28. Rc3 f4 29. Rg5 Qa4+ 0-1

[Event "7. Wunsiedel Schach-Festival Meistertur"]
[Site "Wunsiedel"]
[Date "2013.05.09"]
[Round "1.14"]
[White "Schwarzmann, Tobias"]
[Black "Plat, Vojtech"]
[Result "0-1"]
[WhiteElo "2009"]
[BlackElo "2455"]
[PlyCount "130"]
[EventDate "2013.05.09"]

1. c4 e5 2. Nc3 Bb4 3. g3 Nf6 4. Bg2 O-O 5. d3 d5 6. cxd5 Nxd5 7. Bd2 Nb6 8.
Nf3 Qe7 9. O-O Rd8 10. Rc1 c6 11. Qc2 Bf5 12. Nh4 Bg4 13. Nf3 N8d7 14. a3 Bxc3
15. Bxc3 f6 16. Rfe1 Qe6 17. Nd2 Nd5 18. d4 exd4 19. Bxd4 Ne5 20. Nb3 Ng6 21.
Nc5 Qf7 22. Rcd1 b6 23. Nb3 Be6 24. Nc1 c5 25. Bc3 Rd7 26. Rd2 Rad8 27. Red1
Nge7 28. e4 Nxc3 29. Rxd7 Rxd7 30. Rxd7 Bxd7 31. Qxc3 Nc6 32. Bf1 Qe7 33. Bc4+
Kf8 34. f3 Nd4 35. Kg2 Qd6 36. Nd3 Ne2 37. Qd2 Qd4 38. Qxe2 Qxc4 39. Nf4 Qd4
40. Qf2 Qd6 41. Qe2 a6 42. Qd3 Qxd3 43. Nxd3 Ke7 44. Kf2 Kd6 45. Ke3 a5 46. Nf4
Be8 47. Nd5 b5 48. Kd3 Bf7 49. Ne3 Kc6 50. f4 Be6 51. h4 a4 52. Kc3 Kb6 53. g4
Ka5 54. g5 b4+ 55. Kd3 Kb5 56. gxf6 gxf6 57. f5 Ba2 58. Kc2 h5 59. Nd5 Bxd5 60.
exd5 Kb6 61. Kd3 Kc7 62. Kc4 bxa3 63. bxa3 Kd6 64. Kb5 Kxd5 65. Kxa4 c4 0-1

[Event "7. Wunsiedel Schach-Festival Meistertur"]
[Site "Wunsiedel"]
[Date "2013.05.09"]
[Round "1.12"]
[White "Spitzl, Philipp"]
[Black "Mihok, Oliver"]
[Result "0-1"]
[WhiteElo "2064"]
[BlackElo "2446"]
[PlyCount "74"]
[EventDate "2013.05.09"]

1. c4 g6 2. Nc3 Bg7 3. g3 c5 4. Bg2 Nc6 5. Nf3 d6 6. O-O e5 7. d3 Nge7 8. e4
O-O 9. h3 h6 10. Bd2 Be6 11. a3 Qd7 12. Kh2 f5 13. Nd5 Rf7 14. b4 Raf8 15. Rb1
fxe4 16. dxe4 g5 17. Be3 Nd4 18. Ne1 b6 19. Bxd4 exd4 20. Nd3 Ng6 21. Qd2 Ne5
22. Nxe5 Bxe5 23. b5 Qd8 24. Kg1 h5 25. a4 h4 26. f4 gxf4 27. gxf4 Bxd5 28.
fxe5 Bxc4 29. Rxf7 Rxf7 30. exd6 Qxd6 31. Qg5+ Rg7 32. Qxh4 Qg3 33. Qxg3 Rxg3
34. a5 Bd3 35. Re1 Bxb5 36. axb6 axb6 37. Rb1 Bd3 0-1

[Event "7. Wunsiedel Schach-Festival Meistertur"]
[Site "Wunsiedel"]
[Date "2013.05.09"]
[Round "1.10"]
[White "Troyke, Doreen"]
[Black "Maiwald, Jens-Uwe"]
[Result "0-1"]
[WhiteElo "2119"]
[BlackElo "2466"]
[PlyCount "144"]
[EventDate "2013.05.09"]

1. c4 g6 2. g3 Bg7 3. Bg2 d6 4. Nc3 e5 5. e3 f5 6. Nge2 Nf6 7. O-O O-O 8. d3 c6
9. f4 Be6 10. Rb1 Re8 11. b3 Na6 12. Qc2 exf4 13. Nxf4 d5 14. cxd5 Nb4 15. Qd2
Bxd5 16. Ncxd5 Nbxd5 17. Nxd5 Nxd5 18. Bxd5+ Qxd5 19. Bb2 Bxb2 20. Rxb2 Rad8
21. Rd1 Qf3 22. Re1 Rd7 23. Rc2 Rde7 24. Qf2 Qd5 25. Qd2 Rd7 26. Rd1 h5 27. Rc4
Qe5 28. Kf2 Kh7 29. Qe2 Re6 30. Qf3 Qb2+ 31. Qe2 Qxe2+ 32. Kxe2 Rde7 33. e4
fxe4 34. dxe4 Rxe4+ 35. Rxe4 Rxe4+ 36. Kf3 Re7 37. Kf4 Rf7+ 38. Ke4 Kh6 39. h4
Rf2 40. a4 Rb2 41. Rd3 b5 42. Kd4 bxa4 43. bxa4 Rb4+ 44. Kc5 Rxa4 45. Kxc6 Rb4
46. Ra3 a6 47. Kc5 a5 48. Kd6 a4 49. Ke5 Kg7 50. Kd5 Kh6 51. Ke5 g5 52. hxg5+
Kxg5 53. Kd5 Kg4 54. Ke5 Rb5+ 55. Kf6 Ra5 56. Ke6 Kh3 57. Kf6 Kg2 58. Ke6 Kf2
59. Kd6 Ra8 60. Kc6 Rf8 61. Kd5 Rf5+ 62. Kd6 Ra5 63. Kc6 Ra8 64. Kd6 Ra5 65.
Kc6 Rf5 66. Kd6 Rf3 67. Rxa4 Kxg3 68. Ra5 h4 69. Rh5 h3 70. Rh8 h2 71. Rg8+ Kf2
72. Rh8 Kg2 0-1

[Event "7. Wunsiedel Schach-Festival Meistertur"]
[Site "Wunsiedel"]
[Date "2013.05.09"]
[Round "2.3"]
[White "Buhmann, Rainer"]
[Black "Bartsch, Berthold"]
[Result "1-0"]
[WhiteElo "2578"]
[BlackElo "2257"]
[PlyCount "79"]
[EventDate "2013.05.09"]

1. Nf3 Nc6 2. d4 d5 3. Bf4 Bg4 4. e3 e6 5. Nbd2 Bd6 6. Bg3 Nf6 7. c4 Bxg3 8.
hxg3 Qe7 9. cxd5 exd5 10. Bb5 Bd7 11. Rc1 O-O 12. O-O Rfc8 13. Re1 Nb4 14. Bxd7
Qxd7 15. Ne5 Qe7 16. a3 Na6 17. e4 c5 18. exd5 Qd6 19. dxc5 Nxc5 20. Ndc4 Qxd5
21. Nd6 Rc7 22. b4 Ne6 23. Rxc7 Nxc7 24. Qxd5 Nfxd5 25. Nxb7 Nb5 26. Nc4 g6 27.
Re5 Nbc7 28. Ncd6 Kg7 29. Kf1 h5 30. Re4 f5 31. Rc4 Kf6 32. Rc6 Ke7 33. Nc4 Rg8
34. Ne5 g5 35. Nd6 f4 36. gxf4 gxf4 37. Nf5+ Kd8 38. Rh6 Ne8 39. Rh7 Ndf6 40.
Nc6+ 1-0

[Event "7. Wunsiedel Schach-Festival Meistertur"]
[Site "Wunsiedel"]
[Date "2013.05.09"]
[Round "2.7"]
[White "Del Rio De Angelis, Salvador G"]
[Black "Westphal, Wolfgang"]
[Result "1-0"]
[WhiteElo "2484"]
[BlackElo "2198"]
[PlyCount "79"]
[EventDate "2013.05.09"]

1. d4 Nf6 2. Nf3 e6 3. e3 b6 4. Bd3 Bb7 5. O-O Be7 6. c4 Ne4 7. Nfd2 Nxd2 8.
Bxd2 O-O 9. Nc3 d6 10. Qc2 g6 11. Rad1 Nd7 12. e4 Bf6 13. Be3 Bg7 14. b4 Qe7
15. Rfe1 Rfd8 16. a3 c5 17. bxc5 dxc5 18. d5 e5 19. a4 Nf6 20. a5 Ng4 21. Bc1
Bc8 22. f3 Nf6 23. Bg5 h6 24. Bh4 g5 25. Bf2 Ne8 26. Rb1 Rd6 27. Rb2 Rg6 28.
Reb1 g4 29. fxg4 Bxg4 30. axb6 axb6 31. Rxb6 Rxb6 32. Rxb6 Ra1+ 33. Rb1 Rxb1+
34. Qxb1 Bf8 35. Be2 Bxe2 36. Nxe2 Ng7 37. Nc1 Qg5 38. Nd3 Nh5 39. h4 Qg7 40.
Qb8 1-0

[Event "7. Wunsiedel Schach-Festival Meistertur"]
[Site "Wunsiedel"]
[Date "2013.05.09"]
[Round "2.16"]
[White "Grandadam, Nicolas"]
[Black "Bottema, Martin"]
[Result "1-0"]
[WhiteElo "2338"]
[BlackElo "2077"]
[PlyCount "91"]
[EventDate "2013.05.09"]

1. Nf3 Nf6 2. c4 b6 3. d4 e6 4. g3 Ba6 5. Qc2 Bb4+ 6. Bd2 Bxd2+ 7. Nbxd2 d5 8.
cxd5 exd5 9. Rc1 c6 10. Ne5 O-O 11. e3 Bb7 12. Bd3 Qd6 13. Ndf3 Ne4 14. Bxe4
dxe4 15. Qxe4 Qe7 16. Qf5 f6 17. Nc4 g6 18. Qf4 c5 19. O-O g5 20. Qg4 Qd7 21.
Qxd7 Nxd7 22. Ncd2 Rac8 23. Rfd1 cxd4 24. Nxd4 Ne5 25. Nf5 Rxc1 26. Rxc1 Rd8
27. Nd4 Rd7 28. Rc2 h5 29. h3 Nd3 30. a3 Ne5 31. b4 a6 32. Kf1 Kf7 33. f4 gxf4
34. gxf4 Ng6 35. Nc4 Be4 36. Nxb6 Rb7 37. Nc4 Rd7 38. Rd2 Ne7 39. Kf2 h4 40.
Nf3 Rxd2+ 41. Ncxd2 Bf5 42. Kg2 Ng6 43. Nb3 Bc8 44. Nbd4 f5 45. Kf2 Bb7 46.
Nxf5 1-0

[Event "7. Wunsiedel Schach-Festival Meistertur"]
[Site "Wunsiedel"]
[Date "2013.05.09"]
[Round "2.19"]
[White "Lampert, Jonas"]
[Black "Kreyssig, Robert"]
[Result "1-0"]
[WhiteElo "2333"]
[BlackElo "2056"]
[PlyCount "61"]
[EventDate "2013.05.09"]

1. d4 Nf6 2. c4 e6 3. Nc3 Bb4 4. Nf3 b6 5. Bg5 O-O 6. Nd2 Bb7 7. e4 h6 8. Bh4
g5 9. Bg3 Nxe4 10. Ncxe4 Bxe4 11. a3 Bxd2+ 12. Qxd2 Nc6 13. h4 Qf6 14. hxg5
hxg5 15. O-O-O Bg6 16. Qe3 d6 17. f4 Na5 18. b4 Nb7 19. fxg5 Qg7 20. Bd3 Rae8
21. Bxg6 fxg6 22. Be1 a5 23. Qe4 c5 24. g4 e5 25. dxc5 bxc5 26. Rh6 Rf4 27.
Qd5+ Kf8 28. Bc3 axb4 29. Rdh1 Qf7 30. Rh8+ Kg7 31. R1h7# 1-0

[Event "7. Wunsiedel Schach-Festival Meistertur"]
[Site "Wunsiedel"]
[Date "2013.05.09"]
[Round "2.10"]
[White "Maiwald, Jens-Uwe"]
[Black "Spitzl, Bertram"]
[Result "1-0"]
[WhiteElo "2466"]
[BlackElo "2235"]
[PlyCount "35"]
[EventDate "2013.05.09"]

1. e4 c6 2. d4 d5 3. e5 Bf5 4. h4 h5 5. c4 e6 6. Nc3 Nd7 7. cxd5 cxd5 8. Bd3
Bxd3 9. Qxd3 a6 10. Nf3 Ne7 11. Bg5 Qb6 12. O-O g6 13. Rfc1 Qa7 14. Ne2 Bh6 15.
Bxh6 Rxh6 16. Ng5 Rh8 17. Rc7 Rd8 18. Qb3 1-0

[Event "7. Wunsiedel Schach-Festival Meistertur"]
[Site "Wunsiedel"]
[Date "2013.05.09"]
[Round "2.5"]
[White "Miezis, Normunds"]
[Black "Schaarschmidt, Kay"]
[Result "1-0"]
[WhiteElo "2543"]
[BlackElo "2034"]
[PlyCount "79"]
[EventDate "2013.05.09"]

1. c4 c6 2. e4 d5 3. exd5 cxd5 4. cxd5 Nf6 5. Bb5+ Nbd7 6. Nc3 a6 7. Qa4 Rb8 8.
Bxd7+ Bxd7 9. Qb3 b5 10. a3 e6 11. Nf3 Bd6 12. O-O O-O 13. d4 exd5 14. Bg5 Be6
15. Rfe1 Rc8 16. Ne5 Re8 17. Re3 Qb6 18. Bxf6 gxf6 19. Nf3 Bf4 20. Ree1 Kh8 21.
a4 b4 22. Ne2 Bh6 23. Qd3 Rc7 24. Ng3 Rec8 25. Nf5 Bf8 26. a5 Qc6 27. Ne3 Bh6
28. Nh4 Qb7 29. Nhf5 Bf8 30. Ng4 Qb5 31. Qf3 Qd7 32. Nxf6 Qd8 33. Ng3 Be7 34.
Ngh5 Rc2 35. Qf4 Bxf6 36. Nxf6 Qf8 37. Nh5 h6 38. Rab1 Kh7 39. h3 Qd8 40. Rxe6
1-0

[Event "7. Wunsiedel Schach-Festival Meistertur"]
[Site "Wunsiedel"]
[Date "2013.05.09"]
[Round "2.12"]
[White "Mihok, Oliver"]
[Black "Urban, Lars"]
[Result "1-0"]
[WhiteElo "2446"]
[BlackElo "2126"]
[PlyCount "41"]
[EventDate "2013.05.09"]

1. e4 e6 2. d4 d5 3. Nc3 Nf6 4. Bg5 dxe4 5. Nxe4 Be7 6. Bxf6 gxf6 7. Nf3 b6 8.
Bc4 Bb7 9. Ng3 c6 10. O-O Qc7 11. Re1 Nd7 12. Nf5 exf5 13. Nh4 O-O-O 14. Rxe7
Qf4 15. g3 Rhg8 16. Bxf7 Qxh4 17. Bxg8 Rxg8 18. Re8+ Kc7 19. Rxg8 Qe4 20. Qd2
Qd5 21. Qf4+ 1-0

[Event "7. Wunsiedel Schach-Festival Meistertur"]
[Site "Wunsiedel"]
[Date "2013.05.09"]
[Round "2.1"]
[White "Peralta, Fernando"]
[Black "Hahn, Markus"]
[Result "1-0"]
[WhiteElo "2626"]
[BlackElo "2225"]
[PlyCount "63"]
[EventDate "2013.05.09"]

1. d4 Nf6 2. c4 e6 3. Nc3 Bb4 4. e3 O-O 5. Bd3 d5 6. Nf3 c5 7. O-O Nc6 8. a3
Bxc3 9. bxc3 Qc7 10. cxd5 exd5 11. Nh4 c4 12. Bc2 Ne4 13. Qe1 Qa5 14. Bb2 Qd8
15. f3 Nd2 16. Qxd2 Qxh4 17. e4 Be6 18. a4 f5 19. Ba3 Rf7 20. Rae1 h6 21. exd5
Bxd5 22. Re2 Qd8 23. Rfe1 Qd7 24. Qf4 Rd8 25. h4 Rc8 26. Qg3 Kh8 27. h5 Rg8 28.
Bd6 Rd8 29. Bc7 Rc8 30. Bf4 Rf6 31. Be5 Rff8 32. Qg6 1-0